000 00246nam a2200097Ia 4500
001 762619
005 20250826165229.0
008 250824s9999 xx 000 0 und d
245 0 _aHZ. MUHAMMEDİN HAYATI
_cMARTİN LİNGS
260 _bİNSAN YAYINLARI
999 _c762619
_d762619